| 000 | 00553nam a2200193 i 4500 | ||
|---|---|---|---|
| 001 | 51027 | ||
| 003 | ES-MaACL | ||
| 005 | 20230906162259.0 | ||
| 007 | t| | ||
| 008 | 030808s1933 fr ||||1| fre d | ||
| 100 | 1 |
_aCurtius, Ernst. _942251 |
|
| 245 | 1 | 0 |
_aBalzac / _cErnst Curtius ; traduit de l'allemand par Henri Jourdan. |
| 260 |
_aParis : _bBernard Grasset, _c1933. |
||
| 300 |
_a434 p. ; _c21 cm. |
||
| 600 | 1 | 4 |
_aBalzac, Honoré de, _d1799-1850 _925139 |
| 700 | 1 |
_aJourdan, Henri. _967029 |
|
| 852 |
_aES-MaACL _jA-2061 |
||
| 999 |
_c51027 _d51027 |
||